I am my own woman : the outlaw life of Charlotte von Mahlsdorf, Berlin's most distinguished transvestite /

محفوظ في:
التفاصيل البيبلوغرافية
المؤلف الرئيسي: Mahlsdorf, Charlotte : von (مؤلف)
مؤلفون آخرون: Burkhard, Peter, Hollander, Jean
التنسيق: كتاب
اللغة:الإنجليزية
منشور في: Pittsburgh, Cleis Press,1995
الوسوم: إضافة وسم
لا توجد وسوم, كن أول من يضع وسما على هذه التسجيلة!

MARC

LEADER 00000nam a22000007i 4500
001 IT\ICCU\UBO\2403135
003 ItRI
005 20260115231835.0
008 040325s1995 xxu|||||| ||||| |||||c
020 |a 1573440108 (paper) 
020 |a 1573440116 (cloth) 
040 |b ita  |c importazione bologna sebina 
041 7 |a eng  |2 ISO-639-2 
100 1 |a Mahlsdorf, Charlotte : von  |0 IT\ICCU\UBOV\863979  |4 aut 
240 1 0 |a Ich bin meine eigene frau.  |3 IT\ICCU\UBO\2403177 
245 1 0 |a I am my own woman :  |b the outlaw life of Charlotte von Mahlsdorf, Berlin's most distinguished transvestite /  |c Charlotte Von Mahalsdorf ; with photographs by Burkhard Peter ; translated by Jean Hollander. 
260 |a Pittsburgh,  |c Cleis Press,1995 
300 |a 179 p. :  |b ill. ;  |c 22 cm. 
700 1 |a Burkhard, Peter  |0 IT\ICCU\UBOV\863981 
700 1 |a Hollander, Jean  |0 IT\ICCU\RAVV\259878 
942 |2 ddc  |c BK  |n 0 
952 |0 0  |1 0  |4 0  |6 DOC_306_766000000000000_MAH  |7 0  |9 13972  |a BO  |b BO  |d 2026-01-15  |i 8086  |l 0  |o DOC 306.766 MAH  |p BO8086  |r 2026-01-15 23:18:35  |w 2026-01-15  |x [Sebina 5] [1 v.]  |y BK  |z 1 v. 
999 |c 12032  |d 12032